000 00455nam a2200133 a 4500
008 120416s1962 ||||||||||||||||| || u
050 _aNA 5541 Ger
100 _aGerard, Pierre
245 1 0 _aCathedrales de France
260 _aParis
_bF. Nathan
_c1962
300 _a159p. : ill.
350 _a0.00
995 _D0.00
_FCBU-MAIN LIBRARY (Kitwe)
_H1
_I0.00
_M1
_UAVAILABLE
_ZAnnex Low-Usage Collection
999 _c36854
_d36854